000 00735nam a2200181Ia 4500
999 _c65364
_d65364
003 GCL
005 20240530110821.0
008 140319s2007 ua a f 000 0 ara d
040 _aGCL /
_cGCL
082 0 4 _a791.45
_bن ف
100 0 _aنصرالدين لعياضى
245 1 0 _aفن البرمجة واعداد الخارطة البرمجية فى القنوات التليفزيونية العربية :
_bجدلية التصور والممارسة /
_cنصرالدين لعياضى ، يوسف تمار
250 _aط.1
260 _aالقاهرة :
_bجامعة الدول العربية ،
_c2007 .
300 _a172 ص. :
_bايض. ؛
_c24 سم.
650 0 4 _aالقنوات التليفزيونية
942 _2ddc
_cBK